000
00316nam a2200133 a 4500
001
5668
003
CDMR
005
20130116135311.0
008
130130s2008||||||||||||||||||||||||||||d
040
_a
CDMR
_b
cat
_c
CPC GIRONA
245
3
_a
la clau
_b
Un mitjà català transfronterer (dossier)
260
_c
2008
942
_c
MON
999
_c
5668
_d
5668